Movie Title Role Characters Quiz Stats

 Plays Quiz Updated Jun 28, 2016

Challenge
Share
Tweet
Embed
Score 0/30 Timer 06:00
0 Plays Today
Movie Character name % Correct
The Dark KnightBruce Wayne
90.7%
The Lion KingSimba
85.7%
The Iron LadyMargaret Thatcher
78.4%
ElfBuddy
76.1%
The AviatorHoward Hughes
68.6%
The GodfatherDon Vito Corleone
67.2%
Gladiator (2000)Maximus Decimus Meridius
58.9%
Beverly Hills CopAxel Foley
58.8%
The QueenElizabeth II
58.2%
The Road WarriorMax Rockatansky
48.8%
My Fair LadyEliza Doolittle
47.9%
Coal Miner's DaughterLoretta Lynn
44%
The Prince of EgyptMoses
42.7%
Kung Fu PandaPo
41.4%
The FugitiveDr. Richard Kimble
35.5%
Movie Character name % Correct
Taxi DriverTravis Bickle
34.6%
The Emperor's New GrooveKuzco
27%
The Elephant ManJohn Merrick
25.1%
The Karate Kid (1984)Daniel LaRusso
24.7%
The Nutty Professor (1996)Prof. Sherman Klump
22.4%
The NaturalRoy Hobbs
21.9%
The Enforcer (1976)Harry Callahan
21.8%
Rain ManRaymond Babbitt
20.9%
The Hustler'Fast Eddie' Felson
17.9%
The WaterboyBobby Boucher
17.2%
The Man with the Golden GunFrancisco Scaramanga
16.6%
The PunisherFrank Castle
14.9%
The ProducersLeo Bloom & Max Bialystock
14.6%
The WrestlerRandy 'The Ram' Robinson
11.5%
12 Years a SlaveSolomon Northup
10.2%

You're not logged in!

Compare scores with friends on all Sporcle quizzes.
Join for Free
OR
Log In

You Might Also Like...

Show Comments

Extras

Top Quizzes Today


Score Distribution

Your Account Isn't Verified!

In order to create a playlist on Sporcle, you need to verify the email address you used during registration. Go to your Sporcle Settings to finish the process.

Report this User

Report this user for behavior that violates our Community Guidelines.

Details: